U.S. Presidents Who Didn't Win Re-Election - Statistics

General Stats
  • This quiz has been taken 271 times
  • The average score is 8 of 11
Answer Stats
First letter of name President % Correct
G George H.W. Bush
93%
H Herbert Hoover
86%
J Jimmy Carter
86%
J John Adams
78%
J John Quincy Adams
78%
G Gerald Ford
77%
L Lyndon B Johnson
72%
G Grover Cleveland
65%
B Benjamin Harrison
64%
W William Howard Taft
60%
M Martin Van Buren
57%
No matching quizzes found
Score Distribution
Percent of People with Each Score
Percentile by Number Answered
Your Score History
You have not taken this quiz